000 00823nam a22002297a 4500
005 20240530110910.0
008 220214s2006 ua g 000 0 ara d
017 _bمصر. دار الكتب
_a3727
020 _a9773770621
040 _aEG-CaGPL
_cEG-CaGPL
082 0 4 _21
_a327.11 /
_b أ م
100 0 _aاشرف علام
245 1 0 _aمشروع قناة البحرين والامن العربى/
_cتاليف اشرف علام
250 _aط. 1
260 _aالقاهرة :
_bمجموعة النيل العربية ،
_c2008
300 _a688 ص. ؛
_c24 سم
650 0 7 _2qrmak
_aقناة البحرين
651 0 7 _2qrmak
_aاسرائيل
_xالسياسة الخارجية
651 0 7 _aمصر
_xالسياسة الخارجية
942 _2ddc
_cBK
999 _c66299
_d66299